Top 20 Sports in the USA - Statistics

General Stats
  • This quiz has been taken 356 times
    345 since last reset
  • The average score is 11 of 20
Answer Stats
Rank Sport % Correct
1# American Football
99%
3# Basketball
99%
2# Baseball/Softball
97%
5# Soccer
95%
4# Ice Hockey
89%
19# Field Hockey
83%
6# Tennis
80%
7# Golf
67%
13# Volleyball
66%
14# Rugby
50%
15# Lacrosse
48%
10# Wrestling
45%
8# Boxing
42%
17# Cricket
40%
12# Mixed Martial Arts
29%
9# Motorsports
29%
11# Badminton
27%
16# Bowling
22%
18# BMX
10%
20# Bocce
5%
No matching quizzes found
Score Distribution
Percent of People with Each Score
Percentile by Number Answered
Your Score History
You have not taken this quiz since the last reset